Open Data Biblioteca Nacional de Portugal


República Portuguesa: Ministério da Cultura
Biblioteca Nacional de Portugal

Catálogo da BNP: acesso por Identificadores Unívocos
Registos Bibliográficos associados ao registo de autoridade

Etiqueta de registo: 00254nam 2200025 450
001 2284564
003 http://id.bnportugal.gov.pt/bib/catbnp/2284564
100 ## $a20260416d2025 k y0pory01030103ba
101 0# $aeng$dpor
102 ## $aPT
105 ## $aa m 000yy
106 ## $ar
200 1# $aSmall molecules chaperones of the transthyretin (TTR)-amyloid-beta interaction as a novel therapy for Alzheimer's Disease$edissecting the mechanisms underlying TTR neuroprotection$fTiago André Braga Gião$gorient. Isabel Cardoso, Maria do Rosário Almeida, Isabel Santana
210 #9 $aPorto$c[s.n.],$d2025
215 ## $aXXIV, 197 p.$cil.$d30 cm
328 #1 $aTese dout. Biologia Molecular e Celular, Faculdade de Ciências, Universidade do Porto, 2025
700 #1 $aGião,$bTiago André Braga$31995981
702 #1 $aCardoso,$bIsabel dos Santos,$f1972-$4727$31147431
702 #1 $aAlmeida,$bMaria do Rosário,$f1966-$4727$3188404
702 #1 $aSantana,$bIsabel,$f1960-$4727$3954905
801 #0 $aPT$bBN$gRPC
966 ## $lBN$mFGMON$x1
971 ## $cisantos$d20260416

OpendataBNP@bnportugal.pt | Mais informação sobre acesso aos dados BNP